Factory glazed windows (Record no. 105037)

MARC details
000 -LEADER
fixed length control field 01368cam a2200229 4500
001 - CONTROL NUMBER
control field ##L132144
008 - FIXED-LENGTH DATA ELEMENTS--GENERAL INFORMATION
fixed length control field 060113n2005 000 0 eng u
020 ## - INTERNATIONAL STANDARD BOOK NUMBER
International Standard Book Number 1860818900
035 ## - SYSTEM CONTROL NUMBER
System control number (Sirsi) u132144
041 0# - LANGUAGE CODE
Language code of text/sound track or separate title eng
050 04 - LIBRARY OF CONGRESS CALL NUMBER
Classification number 698.5 $2 18
100 1# - MAIN ENTRY--PERSONAL NAME
Personal name Kelly, D. J.
245 00 - TITLE STATEMENT
Title Factory glazed windows
Remainder of title transport, storage and installation
260 ## - PUBLICATION, DISTRIBUTION, ETC.
Place of publication, distribution, etc. Watford
Name of publisher, distributor, etc. BRE
Date of publication, distribution, etc. 2005
300 ## - PHYSICAL DESCRIPTION
Extent 8p.
Other physical details ill
Dimensions 30cm.
490 #0 - SERIES STATEMENT
Series statement BRE Digest
Volume/sequential designation 497(2)
520 ## - SUMMARY, ETC.
Summary, etc. Failures in insulating glass units have historically been the result of problems with the quality control of glazing on building sites. Factories, however, offer a potentially higher quality of work because poor weather and site conditions can produce damaged or defected units. This report is the second of a two-part guidance that sets out the general principles, supported by drawings, of factory glazing. Part 1 introduced the subject and describes the types of insulating glazing units and production facilities. Part 2 is concerned with packaging, transport and storage of glazing units; their installation, protection in service and maintenance; and testing and performance monitoring.
690 ## - LOCAL SUBJECT ADDED ENTRY--TOPICAL TERM (OCLC, RLIN)
Topical term or geographic name as entry element BUILT ENVIRONMENT-BUILDING ELEMENTS-PARTS OF BUILDING ELEMENTS-OPENINGS-WINDOWS
700 1# - ADDED ENTRY--PERSONAL NAME
Personal name Garvin, S. L.
710 2# - ADDED ENTRY--CORPORATE NAME
Corporate name or jurisdiction name as entry element United Kingdom
Subordinate unit Department of Trade and Industry
942 ## - ADDED ENTRY ELEMENTS (KOHA)
Suppress in OPAC 0
Holdings
Withdrawn status Lost status Source of classification or shelving scheme Damaged status Not for loan Home library Current library Shelving location Date acquired Total Checkouts Full call number Barcode Date last seen Copy number Price effective from Koha item type
    Dewey Decimal Classification     London London BRE publications 13/01/2006   ENQUIRY DESK 30071583 06/08/2019 1 06/08/2019 Book